Memoria histórica de los trabajos de la Comisión de Codificación suprimida por decreto del Regente del Reino de 1º de octubre de 1869 / (Record no. 153827)

MARC details
000 -LEADER
campo de control de longitud fija 00751nam a22001575i 4500
001 - NÚMERO DE CONTROL
campo de control 153827
003 - IDENTIFICADOR DE NÚMERO DE CONTROL
campo de control ES-MaACL
005 - FECHA Y HORA DE LA ÚLTIMA TRANSACCIÓN
campo de control 20230906205411.0
008 - DATOS DE LONGITUD FIJA--INFORMACIÓN GENERAL
campo de control de longitud fija 011105s1871 sp |||| | spa d
040 ## - FUENTE DE CATALOGACIÓN
Centro catalogador/agencia de origen CCPB | B
Lengua de catalogación spa
Centro/agencia transcriptor CCPB | B
245 00 - MENCIÓN DEL TÍTULO
Título Memoria histórica de los trabajos de la Comisión de Codificación suprimida por decreto del Regente del Reino de 1º de octubre de 1869 /
Mención de responsabilidad, etc. escrita y publicada por acuerdo de la misma ; publicada en la Revista general de legislación y jurisprudencia.
260 ## - PUBLICACIÓN, DISTRIBUCIÓN, ETC.
Lugar de publicación, distribución, etc. Madrid :
Nombre del editor, distribuidor, etc. [s.n.],
Fecha de publicación, distribución, etc. 1871 (
Fabricante imprenta de la Revista de Legislación, a cargo de J. Morales)
300 ## - DESCRIPCIÓN FÍSICA
Extensión 662 p. ;
Dimensiones 21 cm.
610 2# - PUNTO DE ACCESO ADICIONAL DE MATERIA--NOMBRE DE ENTIDAD CORPORATIVA
Nombre de entidad corporativa o nombre de jurisdicción como elemento de entrada España.
Unidad subordinada Comisión General de Codificación.
9 (RLIN) 3041
852 ## - LOCALIZACIÓN
Ubicación ES-MaACL
Número de control de estantería G-14384
Nota libre -- Enc. tela
Holdings
Estatus retirado Estado de pérdida Estado de daño No para préstamo Colección Biblioteca de origen Biblioteca actual Ubicación en estantería Fecha de adquisición Fuente de adquisición Total de préstamos Signatura topográfica completa Código de barras Visto por última vez Precio de reemplazo Tipo de ítem Koha
        Libros del s. XIX Biblioteca del Ateneo de Madrid Biblioteca del Ateneo de Madrid Sala Pecera Planta 3 17/01/2008     G-14384 1160826 23/02/2023 23/02/2023 Libro impreso antiguo